Drapeaux de Geokratos - Mai 2026 - Statistiques

Statistiques générales
  • Ce quiz a été pris 49 fois
  • Le résultat moyen est 86 sur 173
Statistiques - réponses
Par images Réponse % Correct
Alguarena
93%
Jashuria
89%
Grand Kah
85%
Karty
85%
Empire Xin
81%
Poëtoscovie
81%
Céleste Empire Ushong de la Dynastie Xin
78%
Drovolski
78%
Fortuna
78%
Loduarie communiste
78%
Rasken
78%
Sylva
78%
Velsna
78%
Concordat de Shaula
74%
Empire du Nord
74%
Akaltie
70%
Azur
70%
Carnavale
70%
Empire Rhêmien de Théodosine
70%
Estalie
70%
Gallouèse
70%
Grand Ling
70%
Les Quatre Vallées
70%
Morakhan
70%
Pontarbello
70%
République de Kabalie
70%
San Youté
70%
Tanska
70%
Teyla
70%
Westalia
70%
Anna
67%
Baïshan
67%
Banairah
67%
Catholagne
67%
Cité du Désert
67%
Empire Burujoa
67%
Epslandia
67%
Icamie
67%
Kabalie rouge
67%
Listonie Pénitente
67%
Sicanie-Messembrie
67%
Transblêmie
67%
Yukanaslavie
67%
Antérinie
63%
Canta
63%
Hotsaline
63%
Negara Strana
63%
Ouaine
63%
Polkême
63%
Slaviensk
63%
Tahoku
63%
Talaristan
63%
Wanmiri
63%
Youslévie
63%
Afarée Centrale
59%
Barvynie
59%
Clovanie
59%
Faravan
59%
Illirée
59%
Khardaz
59%
Sterus
59%
Translavya
59%
Antérie
56%
Aykhanides, Yözidie
56%
Empire de Churaynn
56%
Everia
56%
Grisolia
56%
Juda
56%
Moritonie
56%
Namarov
56%
République Translavique
56%
Saint Empire Menkelt
56%
Vlastie
56%
Condominium Natif
52%
Dodécapole
52%
Dyl'Milath
52%
Ëdango
52%
Fédération de Ravendrecht, Kotios, l'Affranchie
52%
Goïda
52%
Kaulthie
52%
Messalie
52%
Rimaurie
52%
Yutchun
52%
Alloumni
48%
Altrecht
48%
Illāj
48%
Latrua
48%
Manche Silice
48%
Ogreb
48%
Ustia/RFCLU
48%
Yurtie
48%
Achos
44%
Avène
44%
Communes Unies du Paltoterra Oriental
44%
Finejouri
44%
Fujiwa
44%
Kartvélie (AFRE)
44%
Méta-Baronnie
44%
Mokhaï
44%
Ouwanlinda
44%
Pal ponantaise
44%
République de Samiens
44%
Shuharri
44%
Vélèsie
44%
Zijian
44%
Altarie
41%
Bajusid
41%
Baskonia
41%
Cérulie
41%
Chandekolza
41%
Falkenberg
41%
Gondo
41%
Jadida
41%
Kresetchnie
41%
Lermandie
41%
Magdanie
41%
Mährenie
41%
Maronhi
41%
Maximus
41%
Ramchourie
41%
République des Cités unies
41%
Retsvinie
41%
Althalj
37%
Bachmeyer
37%
Bergrun
37%
Bozyurtie
37%
Duve
37%
Empire d'Arobelas
37%
Gavière
37%
Hernandia
37%
Iakumie
37%
Nebrownia
37%
Ordre de Wielźmin
37%
Vostokoslavie
37%
Brocelynwood
33%
Costa Sueñoleja
33%
Garmflüßenstein
33%
Mandrarika
33%
Myaikho
33%
Navasota
33%
Norland
33%
Tanin'Vody
33%
Valtern
33%
Arkavie
30%
Awrad
30%
Marcheburg
30%
Mirinegratz
30%
Moranza
30%
Qadisha
30%
Sang Gong
30%
Alarya
26%
Boravie
26%
Friemar
26%
Georgiplios
26%
Républiques Etznabistes
26%
Sovélie
26%
Tuktuqivik
26%
Villas et Tafanu
26%
Volkstaat de Vahrénie
26%
Göthbeck
22%
Hochmark-Sanktstahl
22%
Nordlig-Kors
22%
Oskal
22%
Overijeld
22%
République d'Astraliae
22%
Austaria
19%
Bas-Syphrien
19%
Mazarjan
19%
U.R.A
19%
Almar
15%
Götterland
15%
Nueva Lykania
15%
Valerania
11%
Aucun quiz correspondant
Distribution des résultats
% des personnes avec chaque résultat
Percentile par nombre de réponses
Votre historique - résultats
Vous n’avez pas pris ce quiz